Orte Österreichs anhand Kirchen (Bildquiz) - Statistiken

Allgemein
  • Dieses Quiz wurde 155 mal gespielt
  • Das Durchschnittsergebnis liegt bei 6 aus 20
Antwortstatistiken
Bildquiz Antwort % Korrekt
Wien
99%
Melk
76%
Maria Plain (Bergheim)
71%
Hallstatt
67%
Graz (Mariatrost)
60%
Linz (Pöstlingberg)
60%
Mariazell
54%
Heiligenblut
40%
Dürnstein
30%
Admont
18%
Gurk
17%
Stams
14%
Maria Wörth
11%
St. Wolfgang (Salzkammergut)
8%
Seckau
6%
Absam
5%
Maria Luggau
4%
Frauenkirchen
3%
Ossiach
2%
Seitenstetten
2%
Keine übereinstimmenden Quizze gefunden
Verteilung der Resultate
Anzahl Personen mit jedem Resultat
Perzentil nach korrekt beantworteten Fragen
Ihre Resultats-Entwicklung
Sie haben dieses Quiz noch nicht gespielt